The first flight across the polar sea

Guardat en:
Dades bibliogràfiques
Autors principals: Amundsen, Roald (Autor), Ellswoth, Lincoln (Autor), Höver, John (Autor), Malmgren, Finn (Autor)
Format: Llibre
Idioma:anglès
Publicat: Londres Hutchinson & Co 1926
Edició:1a. ed
Matèries:
Etiquetes: Afegir etiqueta
Sense etiquetes, Sigues el primer a etiquetar aquest registre!

MARC

LEADER 00000nam a2200000 a 4500
001 UCJ3598
003 CL-VaPUC
008 070124e19260000UK |||||||||||||||||eng|d
082 0 4 |a 910.4  |b AMU  |2 21 
100 0 |a Amundsen, Roald  |e author  |9 505581 
700 0 |a Ellswoth, Lincoln  |e author  |9 505582 
700 0 |a Höver, John  |e author  |9 505583 
700 0 |a Malmgren, Finn  |e author  |9 505584 
245 1 4 |a The first flight across the polar sea 
250 |a 1a. ed 
300 |a 274 p 
942 |c BK 
945 |d 20070124 00:00:00  |a rinostro 
260 |a Londres  |b Hutchinson & Co  |c 1926 
500 |a Fotografía de los autores, mapa del track e ilustraciones  
600 0 7 |a NORGE  |2 CL-VaPUC  |9 505585 
650 0 |a Viajes  |9 257115 
650 7 |a AVIACION CIVIL  |2 CL-VaPUC  |9 386344 
650 0 |a Vuelos circumpolares   |9 505586 
650 0 |a Iconografía   |9 267998 
651 7 |a POLO NORTE  |2 CL-VaPUC  |9 310897 
583 |a last modification  |c 20070124 00:00:00  |k Rodrigo Vera 
999 |c 319720  |d 319718 
952 |0 0  |1 0  |4 0  |6 910_400000000000000_AMU_1926  |7 0  |8 X  |9 398084  |a FDOBUD  |b FDOBUD  |d 2019-11-22  |i 1005855  |o 910.4 AMU 1926  |p 1005855  |r 2019-11-22  |w 2019-11-22  |y BK_X  |k BUD